000 00672nam a2200169 a 4500
001 000035441
005 20200930074338.0
008 111031s1946 pr 000 0 spa d
040 _aDO-SdBNP
_bspa
_cBNPHU
100 1 _aSoltero Peralta, Juan Enrique,
_d1895-
_961276
245 1 3 _aEl camino de la libertad :
_bPuerto Rico frente a su destino /
_cpor Juan Enrique Soltero Peralta.
260 _aPuerto Rico :
_b"Libertad",
_c1946.
300 _axv, 454 p. ;
_c20 cm.
590 _aPerteneció a la biblioteca personal de Juan Isidro Jimenes Grullón.
651 4 _aPuerto Rico
_xCondiciones Económicas
_y1918-1952.
_961277
651 4 _aPuerto Rico
_xPolítica Y Gobierno
_912599
999 _c34932
_d34932